Temporada de patos /

Nada extraordinario en particular parece prometer un domingo de los amigos adolescentes de clase media Flama y Moko, listos para aprovechar la ausencia materna y sortear el tedio con refresco, comida chatarra y videojuegos en el espacio confinado de un departamento de las unidades habitacionales de...

Descrizione completa

Salvato in:
Dettagli Bibliografici
Autore principale: Eimbcke, Fernando (realización)
Altri autori: Eimbcke, Fernando (guión) (guión), Zabé, Alexis (fotógrafo) (fotógrafo), Concha, Lissi de la (vestuario) (vestuario), Rodríguez, Mariana (montaje) (montaje), Rosso, Alejandro (música) (música), Liquits (música) (música), Arreola, Enrique (actuación) (actuación), Cataño, Diego (actuación) (actuación), Miranda, Daniel (actuación) (actuación), Gollás, Alejandra (actuación) (actuación), Natalia y La Forquetina (ejecución musical) (ejecución musical), Chellet Vidales, Roberto (realización) (realización), Chellet Vidales, Roberto (fotógrafo) (fotógrafo), Chellet Vidales, Roberto (montaje) (montaje)
Natura: Videodisco
Lingua:spagnolo
Pubblicazione: México : Cinepantera, 2004, c2004
Soggetti:
Tags: Aggiungi Tag
Nessun Tag, puoi essere il primo ad aggiungerne!!

MARC

LEADER 00000ngm^a2200000^a^4500
001 000187934
005 20260407000000.0
009 20260408125846.236
037 |a Acervo ITESO - Biblioteca 
041 |a ESP 
082 |a 860.  |b EIM 
100 |a Eimbcke, Fernando  |e (realización) 
240 1 1 |a [Temporada de patos] 
245 1 0 |a Temporada de patos /  |c Realización de F. Eimbcke. 
264 4 |a México :  |b Cinepantera,  |c 2004, c2004 
264 2 |a México :  |b Videomax [distribución],  |c 2005, c2005 
300 |a 1 DVD regiones 1 y 4 (87, 1, 2, 9 min.) :  |b blanco y negro 
336 |a imagen móvil bidimensional  |b tdi  |2 rdacontenido 
337 |a video  |b v  |2 rdamedio 
338 |a videodisco  |b vd  |2 rdasoporte 
520 |a Nada extraordinario en particular parece prometer un domingo de los amigos adolescentes de clase media Flama y Moko, listos para aprovechar la ausencia materna y sortear el tedio con refresco, comida chatarra y videojuegos en el espacio confinado de un departamento de las unidades habitacionales de Tlatelolco. El exterior, sin embargo, se encarga de alterar sus rutinarios planes: el hastiado repartidor de pizzas Ulises arriba tarde; la inesperada y solitaria vecina Rita, un poco mayor que los anfitriones, les pide prestado el horno de su cocina y se producen fugas de energía eléctrica. El videopartido futbolístico Real Madrid-Manchester queda suspendido y el cineasta mexicano Fernando Eimbcke conduce, en su primer largometraje como director, a sus cuatro personajes a un viaje sin salir de esos cuatro muros. A lo largo del trayecto surgen frustraciones laborales, inconfesados secretos, reclamos sobre la indiferencia familiar o la irritación ante el próximo divorcio paterno, pero también la intensidad de la cercanía afectiva, la comprensión solidaria y los anhelos de libertad. Mucho pasa entonces en este cuarteto de vidas cotidianas durante esas nueve horas en el hogar tlatelolca, que Eimbcke ha captado en su trivialidad y absurdo, con una mirada irónica y emotiva a la vez, sin complacencias pueriles y con una sobria propuesta asumidamente deudora del maestro japonés Yasujiro Ozu y del cineasta norteamericano Jim Jarmusch. 
520 |a Suplementos y características especiales: 1) The Look of Love (1 min.), cortometraje de Eimbcke con la actuación de Alejandra Gollás; 2) El pato (2 min.), video musical de la melodía brasileña O Pato, con arreglos de João Gilberto e interpretada por Natalia Lafourcade y La Forquetina, que forma parte de la banda sonora del filme; 3) Haciendo Temporada de Patos o Temporada de patos: detrás de cámaras (9 min.); 4) Avance cinematográfico original (1 min.) y 5) Teaser o avance corto (30 seg.). 
585 |a Festival Internacional de Cine de Cannes (57º: 2004): Participante mexicana, sección paralela Semana Internacional de la Crítica 
585 |a Festival Internacional de Cine de Mar del Plata (20°: 2005): Participante mexicana, sección paralela América XXI 
585 |a Festival Internacional de Cine de Shanghai (8°: 2005): Participante mexicana, sección paralela 
585 |a Festival Internacional de Cine de Varsovia (21°: 2005): Participante mexicana, sección paralela 
586 |a Premio Ariel, de la Academia Mexicana de Cine (47°: 2005): Mejor Película (ganadora) 
586 |a Premio Ariel, de la Academia Mexicana de Cine (47°: 2005): Mejor Opera Prima de Ficción (ganadora) 
586 |a Premio Ariel, de la Academia Mexicana de Cine (47°: 2005): Mejor Dirección (ganador: Fernando Eimbcke) 
586 |a Premio Ariel, de la Academia Mexicana de Cine (47°: 2005): Película con más premios (11) 
586 |a Premio Ariel, de la Academia Mexicana de Cine (47°: 2005): Película con más candidaturas finalistas (12) 
586 |a Premio Spirit, del Cine Independiente Norteamericano (21°: 2006): Mejor Película Extranjera (finalista) 
586 |a Mejores Películas del Cine Mexicano: Encuesta del portal Sector Cine (2020): 33ª 
586 |a Diseño de Indumentaria y Moda: Premio Ariel, de la Academia Mexicana de Cine (47°: 2005): Mejor Diseño de Vestuario (finalista: Lissi de la Concha) 
585 |a Exposición DIA 2024-09 / Hilos del vestuario en el cine mexicano 
649 |a XX 
650 |a Adolescentes en el Cine 
650 |a Adolescentes -  |z México (Ciudad) -  |x Condiciones Sociales y Culturales -  |x Tema Principal 
650 |a Clase Media en el Cine 
650 |a Clase Media -  |z México (Ciudad) -  |x Condiciones Sociales y Culturales 
650 |a Comedias Cinematográficas 
650 |a Minimalismo en el Cine 
650 |a Opera Prima 
650 |a Videos Musicales 
650 |a Making Of (Documentales detrás de Cámaras) 
650 |a Cortometrajes y Mediometrajes Mexicanos 
650 |a Cine en Blanco y Negro -  |z México 
650 |a Cine Mexicano -  |y 2000-2009 
650 |a Cine Mexicano -  |y Siglo XXI 
650 |a Amistad 
650 |a Desarrollo Emocional 
650 |a Educación Sentimental 
650 |a Ocio y Tiempo Libre 
650 |a Aburrimiento 
650 |a Vida Cotidiana 
650 |a Departamentos -  |z México (Ciudad) 
650 |a Cultura Urbana -  |z México (Ciudad) 
650 |a México (Ciudad) en el Cine 
650 |a Videos Musicales 
650 |a Pop (Música) -  |z México 
650 |a Música Popular Moderna -  |z México 
650 |a Música Mexicana -  |y Siglo XXI 
700 |a Eimbcke, Fernando  |e (guión) 
700 |a Zabé, Alexis  |e (fotógrafo) 
700 |a Concha, Lissi de la  |e (vestuario) 
700 |a Rodríguez, Mariana  |e (montaje) 
700 |a Rosso, Alejandro  |e (música) 
700 |a Liquits  |e (música) 
700 |a Arreola, Enrique  |e (actuación) 
700 |a Cataño, Diego  |e (actuación) 
700 |a Miranda, Daniel  |e (actuación) 
700 |a Gollás, Alejandra  |e (actuación) 
700 |a Natalia y La Forquetina  |e (ejecución musical) 
700 |a Chellet Vidales, Roberto  |e (realización) 
700 |a Chellet Vidales, Roberto  |e (fotógrafo) 
700 |a Chellet Vidales, Roberto  |e (montaje) 
740 4 |a The Look of Love /  |c Realización de F. Eimbcke. 
740 3 |a El pato /  |c Realización de F. Eimbcke ; ejecución musical de Natalia y La Forquetina. 
740 0 |a Haciendo Temporada de patos /  |c Realización de R. Chellet Vidales. 
910 |a Fondo General 
920 |a Audiovisuales - DVDs 
940 |a Películas 
905 |a 302 
901 |a 0500088810  |b IT2  |c DVS  |u 20250521 
901 |a 0900109615  |b IT2  |c DVS  |i D59798  |u 20250521 
902 |a https://opac.biblio.iteso.mx/vufind/Record/000187934